000 00686nam a22002297a 4500
003 UA-OsUOA
001 36627
007 ta
008 20060207b un ||||| |||| 00| 0 ukr d
090 _a061.2(1-87)(=161.2)(035)
_bЗ-19
942 _cBK
040 _aUA-OsUOA
_bukr
_cUA-OsUOA
_dUA-OsUOA
245 _aЗакордонне українознавство. 2003
_bІнформаційно-бібліографічний покажчик
300 _a150 с.
955 _a2
041 _aukr
080 _a061.2(1-87)(=161.2)(035)
020 _a966-7863-45-Х
260 _aК.
_bГеопринт
_c2004
650 7 _a0 Загальний відділ.
_2UDC
999 _c322865
_d322865